| 000 | 01162ckm a22001935a 4500 | ||
|---|---|---|---|
| 001 | L156877 | ||
| 008 | 120724m18661885xxk f 000 0 eng d | ||
| 035 | _a(Sirsi) u156877 | ||
| 041 | 0 | _aeng | |
| 245 | 0 | 0 |
_aYorkshire & North of England Land Agents & Surveyors Association _bfounded 1866 _h[graphic] |
| 260 | _c1866-1885 | ||
| 300 |
_a1 album of photographs _bb&w _c17 x 23 cm. |
||
| 505 | 2 | _aS. D. Martin, Founder -- Rd. Gouthwaite, 1866 -- Fras. Carr, 1866 -- Thos. Brook, 1866 -- Wm. Paver, 1866 -- T. S. Cundy, 1866 -- G. B. Smith, 1866 -- R. W. F Mills, 1866 (Centre) -- John Richardson, 1867 -- F. Fowler, 1868 -- Wm. Cowgill, 1870 -- Jas. Powell, 1871 -- B. W. Jackson, 1871 -- J. D. Butler, 1875 -- J. O. Greaves, 1875 -- John Farrer, 1876 -- S. Newsam, 1876 -- J. Hindle, 1877 -- Isaac Booth, 1877 -- Jas. Rutherford, 1878 -- A. Greenside, 1878 [missing] -- G. H. Crowther, 1880 -- J. E. Kaye, 1883 -- H. J. Cundy, 1885 | |
| 520 | _aAlbum contains photographs of founders and members of the Association. | ||
| 583 |
_aCondition reviewed _c20120620 _lcondition level 1 |
||
| 651 | 4 |
_aEngland _y886- |
|
| 690 | _aBusiness and management | ||
| 942 | _n0 | ||
| 999 |
_c114463 _d114463 |
||